000 00938nam a22003017a 4500
003 CHAP
005 20220329140819.0
008 971013s1971 r 00010 d
010 _a58040
011 _a59012
035 _a63169
040 _cCHAP
082 _a519.5
_bS55Y
100 0 0 _aSmith, G. Milton.
_9107015
245 _aEstadística simplificada para psicólogos
260 _aMéxico, D. F. :
_bManual Moderno,
_c1971
300 _a240 p.
590 _aBATCH-UPD
_b10
_c20130110
_lUCH01
_h0347
590 _aBATCH-UPD
_b10
_c20130410
_lUCH01
_h0020
590 _aBATCH-UPD
_b10
_c20130410
_lUCH01
_h1505
590 _aBATCH-UPD
_b10
_c20130914
_lUCH01
_h1324
590 _aCONVERSION
_b10
_c20130109
_lUCH01
_h1331
650 1 4 _aEstadística
_xMetodología.
_938253
650 1 4 _aPsicología
_xMétodos estadísticos.
_992606
901 _aBK
942 _cLIBRO
949 _a519.5 S55Y
_bBC
_cLIBRO
_d-135683
_eLIBRO
_h41620
_i63169
_si
999 _c58040
_d58040